All Kim Petras Songs - Statistics

General Stats
  • This quiz has been taken 56 times
    3 since last reset
  • The average score is 37 of 130
Answer Stats
Answer % Correct
Alone
100%
Gag On It
100%
Treat Me like a Sl*t
100%
All She Wants
67%
Another One
67%
Broken
67%
brrr
67%
Can't Do Better
67%
Castle in the Sky
67%
Clarity
67%
Claws
67%
Click (No Boys Remix)
67%
Cubana
67%
Feed the Beast
67%
Heart to Break
67%
Hills
67%
Hillside Boys
67%
Icy
67%
In the Next Life
67%
King of Hearts
67%
Knives
67%
Massacre
67%
Meet The Parents
67%
Minute
67%
Personal Hell
67%
Problématique
67%
Slow It Down
67%
Sl*t Pop
67%
Sl*t Pop Reprise
67%
S*x Talk
67%
Thr*at Goat
67%
TRANSylvania
67%
Treat Me Like a H*
67%
Unholy
67%
Wrong Turn
67%
All I Do Is Cry
33%
All The Time
33%
Banana Boat
33%
Blow It All
33%
Can we f*ck?
33%
C*ckblocker
33%
Cha Cha
33%
Close Your Eyes
33%
Coconuts
33%
Confession
33%
Death by S*x
33%
Dirty Things
33%
Everybody Dies
33%
Flashy
33%
Freak It
33%
Future Starts Now
33%
Get F*cked
33%
Get Some
33%
Got My Number
33%
Head Head Honcho
33%
Homework
33%
I Don't Want It at All
33%
I Like Ur Look
33%
Love Ya Leave Ya
33%
<demons>
33%
Mr. Producer
33%
Party Till I Die
33%
Polo
33%
Pop Sound
33%
Shinin
33%
Something About U
33%
They Wanna F*ck
33%
Turn Off The Lights
33%
uhoh
33%
Unlock It
33%
XXX
33%
You
33%
Your Wish Is My Command
33%
1, 2, 3 Dayz Up
0%
Anymore
0%
BAIT
0%
Bloody Valentine
0%
Boo! B*tch!
0%
Born Again
0%
Broken Glass
0%
B*tt Slutt
0%
Deeper
0%
Do Me
0%
Don't Lie
0%
Drums
0%
Eintausend Teile
0%
Faded
0%
F*ckin' This F*ckin' That
0%
Feeling of Falling
0%
Feel It
0%
Flight to Paris
0%
GORGEOUS
0%
Heartbeat
0%
Hit It from the Back
0%
Horsey
0%
How It's Done
0%
Human
0%
i don't wanna die...
0%
If Jesus Was a Rockstar
0%
If U Think About Me...
0%
Jenny
0%
Je T'Adore
0%
Love Me Less
0%
Made You Look (Remix)
0%
Magnetic
0%
Malibu
0%
Money Got Her Hot
0%
o m e n
0%
One Piece of Tape
0%
Purgatory
0%
Radio
0%
Reason Why
0%
Reminds Me
0%
Revelations
0%
Rim Job
0%
Running Up That Hill
0%
Stars Are Blind
0%
SugarCrash!
0%
Superpower B*tch
0%
Supersonic
0%
Sweet Spot
0%
Taste
0%
Tell Me It's a Nightmare
0%
The Drugs Don't Work
0%
There Will Be Blood
0%
Thousand Pieces
0%
TQUM (Remix)
0%
Villain
0%
Whale C*ck
0%
When We Were Young
0%
No matching quizzes found
Score Distribution
Percent of People with Each Score
Percentile by Number Answered
Your Score History
You have not taken this quiz since the last reset